[Event "Brühler SK 1 - Krefelder SK Turm 1"]
[Site "NRW-Liga - Gruppe 2 2021/2022"]
[Date "2022.01.30"]
[Round "5.8"]
[White "Neuens, Heiko"]
[Black "Panjer, Sydney"]
[Result "0-1"]
[WhiteElo "1876"]
[BlackElo "1946"]
[PlyCount "80"]
[EventDate "2022.??.??"]
[SourceVersionDate "2020.03.16"]
[WhiteTeam "Brühler SK 1"]
[BlackTeam "Krefelder SK Turm 1"]

1. c4 e6 2. Nc3 d5 3. e3 Nf6 4. Nf3 Be7 5. Be2 O-O 6. b3 dxc4 7. bxc4 c5 8. O-O
b6 9. d4 Bb7 10. Qc2 Nbd7 11. Rd1 cxd4 12. exd4 Rc8 13. Ne5 a6 14. Bf4 Ba8 15.
Rac1 b5 16. cxb5 Nd5 17. Bd2 Bb4 18. Qb3 Bxc3 19. Bxc3 Nf4 20. Bf1 Nxe5 21.
dxe5 Qg5 22. g3 Qh5 23. Bd2 Ne2+ 24. Bxe2 Qxe2 25. Qe3 Qxb5 26. f3 Rfd8 27. Bc3
Qa4 28. Rxd8+ Rxd8 29. Qe2 h6 30. Qc2 Qc6 31. Ba5 Qxf3 32. Bxd8 Qe3+ 33. Kf1
Be4 34. Qc3 Bd3+ 35. Kg2 Qe2+ 36. Kg1 Be4 37. Rc2 Bxc2 38. Ba5 Be4 39. Qd2 Qf3
40. Bb4 Bd5 0-1

[Event "SG Porz 2 - LSV Turm Lippstadt 1"]
[Site "NRW-Liga - Gruppe 2 2021/2022"]
[Date "2022.01.30"]
[Round "5.1"]
[White "Wehmeier, Stefan"]
[Black "Braun, Christian"]
[Result "1/2-1/2"]
[WhiteElo "2339"]
[BlackElo "2408"]
[Annotator "daniel"]
[PlyCount "111"]
[EventDate "2022.??.??"]
[SourceVersionDate "2020.03.16"]
[WhiteTeam "LSV Turm Lippstadt 1"]
[BlackTeam "SG Porz 2"]

1. e4 e6 2. d4 d5 3. Nc3 Nf6 4. Bg5 h6 5. Bxf6 Qxf6 6. exd5 Bb4 7. Bb5+ Bd7 8.
Bxd7+ Nxd7 9. dxe6 Qxe6+ 10. Qe2 Bxc3+ 11. bxc3 Qxe2+ 12. Nxe2 O-O-O 13. O-O-O
Nb6 14. Rhe1 Rhe8 $11 15. Nf4 Nc4 16. Nd3 a5 17. f3 b6 18. Ne5 Nxe5 19. Rxe5
Rxe5 20. dxe5 Re8 21. f4 g5 22. Rf1 gxf4 23. Rxf4 Rxe5 24. Rxf7 Rh5 25. h3 Rg5
26. g4 h5 27. Rf4 hxg4 28. hxg4 Kd7 29. Kd2 Ke6 30. c4 c6 31. Ke3 b5 32. Re4+
Kf6 33. Kd4 b4 34. c3 c5+ 35. Kd3 Rg8 36. Kc2 Rh8 37. cxb4 axb4 38. Kb3 Ra8 39.
Rf4+ Ke6 40. Rf5 Ra3+ 41. Kb2 Kd6 42. Rd5+ Kc6 43. Re5 Rg3 44. Re6+ Kd7 45. Rg6
Rc3 46. a4 Ra3 47. Rg5 Kc6 48. Re5 Rxa4 49. Re3 Ra8 50. g5 Rg8 51. Rg3 Rg6 52.
Kb3 Kb6 53. Kc2 Ka5 54. Rg1 Kb6 55. Kd3 Ka5 56. Ra1+ 1/2-1/2

[Event "SG Porz 2 - LSV Turm Lippstadt 1"]
[Site "NRW-Liga - Gruppe 2 2021/2022"]
[Date "2022.01.30"]
[Round "5.3"]
[White "Hecht, Carsten"]
[Black "Pauly, Carlo"]
[Result "1-0"]
[WhiteElo "2296"]
[BlackElo "2285"]
[PlyCount "71"]
[EventDate "2022.??.??"]
[SourceVersionDate "2020.03.16"]
[WhiteTeam "LSV Turm Lippstadt 1"]
[BlackTeam "SG Porz 2"]

1. e4 c5 2. Nf3 d6 3. Bb5+ Nd7 4. a4 Ngf6 5. Nc3 a6 6. Be2 g6 7. a5 Bg7 8. O-O
O-O 9. d3 Nb8 10. e5 Ne8 11. exd6 Nxd6 12. Re1 Nc6 13. Na4 Qxa5 14. Be3 b5 15.
Nxc5 Qc7 16. d4 a5 17. c3 b4 18. Bf4 bxc3 19. bxc3 Nd8 20. Bc4 Ra7 21. Ba2 N8b7
22. Na4 e6 23. c4 Qd8 24. Ne5 Bd7 25. Rc1 Nf5 26. c5 Bxa4 27. Qxa4 g5 28. Nc6
Qd7 29. Bxg5 Kh8 30. d5 exd5 31. Bxd5 Nd4 32. Be3 Ra6 33. Bxd4 Qxd5 34. Bxg7+
Kxg7 35. Qa1+ f6 36. Nb4 1-0

[Event "SG Porz 2 - LSV Turm Lippstadt 1"]
[Site "NRW-Liga - Gruppe 2 2021/2022"]
[Date "2022.01.30"]
[Round "5.4"]
[White "Gallasch, Jonas"]
[Black "Wagner, Alexej"]
[Result "0-1"]
[WhiteElo "2091"]
[BlackElo "2261"]
[PlyCount "60"]
[EventDate "2022.??.??"]
[SourceVersionDate "2020.03.16"]
[WhiteTeam "SG Porz 2"]
[BlackTeam "LSV Turm Lippstadt 1"]

1. d4 d5 2. c4 dxc4 3. Nf3 Nf6 4. Nc3 a6 5. a4 Nc6 6. e4 Bg4 7. Be3 Bxf3 8.
gxf3 Na5 9. d5 e6 10. dxe6 fxe6 11. Bh3 Qe7 12. f4 Rd8 13. Qe2 Qf7 14. e5 Nd5
15. Qg4 Nxe3 16. fxe3 Rd3 17. Kf2 Bc5 18. Rhe1 Rf8 19. Kf3 Nc6 20. Ke4 Bxe3 21.
Ne2 Bf2 22. Qxe6+ Qxe6 23. Bxe6 Re3+ 24. Kd5 Bxe1 25. Rxe1 Nb4+ 26. Kxc4 Nc2
27. Rc1 Rxe2 28. Kd3 Rxh2 29. Rxc2 Rxc2 30. Kxc2 Rxf4 0-1

[Event "SG Porz 2 - LSV Turm Lippstadt 1"]
[Site "NRW-Liga - Gruppe 2 2021/2022"]
[Date "2022.01.30"]
[Round "5.5"]
[White "Tran, Duc Cuong"]
[Black "Gallasch, Robin"]
[Result "1-0"]
[WhiteElo "2071"]
[BlackElo "1999"]
[PlyCount "73"]
[EventDate "2022.??.??"]
[SourceVersionDate "2020.03.16"]
[WhiteTeam "LSV Turm Lippstadt 1"]
[BlackTeam "SG Porz 2"]

1. d4 d5 2. Bf4 Nf6 3. e3 c5 4. c3 Qb6 5. Qb3 c4 6. Qc2 g6 7. Nd2 Bf5 8. Qc1
Nc6 9. h3 Bg7 10. g4 Bd7 11. Bg2 h6 12. Ngf3 Rd8 13. O-O O-O 14. b3 cxb3 15.
axb3 h5 16. g5 Ne8 17. Qa3 Bf5 18. Rfc1 a6 19. c4 Nb4 20. Ne1 e5 21. dxe5 dxc4
22. Nxc4 Qb5 23. Qa5 Qxa5 24. Nxa5 Nd6 25. exd6 Bxa1 26. Rxa1 b6 27. Nc6 Nxc6
28. Bxc6 a5 29. Kg2 Rc8 30. Bd5 Rc5 31. e4 Bd7 32. Be3 Rc3 33. Nf3 Be6 34. Bxe6
fxe6 35. Ne5 Rxb3 36. d7 Rb5 37. Nc6 1-0

[Event "SG Porz 2 - LSV Turm Lippstadt 1"]
[Site "NRW-Liga - Gruppe 2 2021/2022"]
[Date "2022.01.30"]
[Round "5.6"]
[White "Kagan, Dennis"]
[Black "Kuehler, Andreas"]
[Result "1-0"]
[WhiteElo "1982"]
[BlackElo "1922"]
[PlyCount "59"]
[EventDate "2022.??.??"]
[SourceVersionDate "2020.03.16"]
[WhiteTeam "SG Porz 2"]
[BlackTeam "LSV Turm Lippstadt 1"]

1. e4 e5 2. Nf3 Nc6 3. Bc4 Bc5 4. c3 Nf6 5. d3 d6 6. Nbd2 a6 7. Bb3 Ba7 8. Nf1
Ne7 9. Ng3 Ng6 10. Bc2 O-O 11. O-O Re8 12. Re1 d5 13. Bg5 h6 14. Bxf6 Qxf6 15.
exd5 Bg4 16. Ne4 Qf4 17. Ned2 Nh4 18. Re4 Qf5 19. h3 Bxf3 20. Nxf3 Ng6 21. d4
Qf6 22. Qe1 Qd8 23. Nxe5 Nf8 24. Ba4 b5 25. Nc6 Rxe4 26. Qxe4 Qe8 27. Qxe8 Rxe8
28. Bxb5 Bb6 29. Bxa6 Re4 30. a4 1-0

[Event "SG Porz 2 - LSV Turm Lippstadt 1"]
[Site "NRW-Liga - Gruppe 2 2021/2022"]
[Date "2022.01.30"]
[Round "5.7"]
[White "Besou, Hussain"]
[Black "Gallinnis, Norbert"]
[Result "1-0"]
[WhiteElo "2066"]
[BlackElo "2100"]
[PlyCount "111"]
[EventDate "2022.??.??"]
[SourceVersionDate "2020.03.16"]
[WhiteTeam "LSV Turm Lippstadt 1"]
[BlackTeam "SG Porz 2"]

1. e4 c5 2. Nf3 d6 3. d4 cxd4 4. Nxd4 Nf6 5. Nc3 a6 6. Bg5 e6 7. f4 Qb6 8. a3
Nbd7 9. f5 e5 10. Nb3 Qc7 11. Qd2 Be7 12. O-O-O Rb8 13. g4 h6 14. Bxf6 Nxf6 15.
Rg1 b5 16. h4 Bb7 17. Qe1 Rc8 18. Bd3 Nd7 19. g5 Nc5 20. Nxc5 dxc5 21. f6 gxf6
22. gxf6 Bxf6 23. Nd5 Bxd5 24. exd5 Qd6 25. Bf5 Rc7 26. Qe4 c4 27. c3 a5 28.
Rg3 Rc5 29. Rf3 Rf8 30. Bh3 Be7 31. Rf5 f6 32. Rf3 Kd8 33. Be6 Kc7 34. Rg1 Kb6
35. Rg7 Rc7 36. Qe3+ Ka6 37. Qxh6 b4 38. a4 bxc3 39. Rxc3 Rb8 40. Qe3 Qb4 41.
Qe2 Qxa4 42. Qc2 Qb4 43. d6 Qxd6 44. Bxc4+ Ka7 45. Qf2+ Rb6 46. Rg8 e4 47. h5
Bf8 48. Kb1 Rc5 49. Qc2 f5 50. Rg6 Qe5 51. Rxb6 Kxb6 52. Qa4 Kc7 53. Rb3 f4 54.
Ba6 Rc6 55. Rb7+ Kd6 56. Qd1+ 1-0

[Event "SG Porz 2 - LSV Turm Lippstadt 1"]
[Site "NRW-Liga - Gruppe 2 2021/2022"]
[Date "2022.01.30"]
[Round "5.8"]
[White "Evers, Leo"]
[Black "Borjini, Faouzi"]
[Result "1-0"]
[WhiteElo "2022"]
[BlackElo "1976"]
[PlyCount "111"]
[EventDate "2022.??.??"]
[SourceVersionDate "2020.03.16"]
[WhiteTeam "SG Porz 2"]
[BlackTeam "LSV Turm Lippstadt 1"]

1. d4 d5 2. c4 e6 3. Nf3 Nf6 4. g3 c5 5. cxd5 exd5 6. Bg2 h6 7. O-O Nc6 8. Nc3
Be6 9. b3 Qa5 10. Bb2 cxd4 11. Nxd4 Nxd4 12. Qxd4 Bc5 13. Qa4+ Qxa4 14. Nxa4
Be7 15. Rac1 b6 16. Rfd1 O-O 17. Nc3 Rad8 18. Nb5 Rd7 19. Nc7 Rc8 20. Nxe6 Rxc1
21. Rxc1 fxe6 22. Bh3 Kf7 23. a4 Bd6 24. Rc6 Ke7 25. f4 Rc7 26. Rxd6 Kxd6 27.
Be5+ Kc6 28. Bxc7 Kxc7 29. Bxe6 Kd6 30. Bf5 Kc5 31. g4 Kb4 32. g5 hxg5 33. fxg5
Ne8 34. h4 Kc5 35. Bg6 Nc7 36. h5 Ne6 37. h6 gxh6 38. gxh6 Nf8 39. Bf5 Kb4 40.
h7 Nxh7 41. Bxh7 Kxb3 42. Bg8 Kxa4 43. Bxd5 Kb4 44. Kf2 Kc5 45. Bf7 b5 46. Ke3
a5 47. Kd3 a4 48. Be8 Kb4 49. Kd4 Ka5 50. Kc3 b4+ 51. Kc4 b3 52. Kc3 b2 53.
Kxb2 Kb4 54. Bf7 a3+ 55. Ka2 Kc3 56. Kxa3 1-0

[Event "Godesberger SK 1 - SF Essen-Katernberg "]
[Site "NRW-Liga - Gruppe 2 2021/2022"]
[Date "2022.01.30"]
[Round "5.1"]
[White "Gassmann, Volker"]
[Black "Seger, Ruediger"]
[Result "1/2-1/2"]
[WhiteElo "2191"]
[BlackElo "2264"]
[PlyCount "85"]
[EventDate "2022.??.??"]
[SourceVersionDate "2020.03.16"]
[WhiteTeam "SF Essen-Katernberg  2"]
[BlackTeam "Godesberger SK 1"]

1. d4 Nf6 2. c4 g6 3. Nc3 d5 4. Nf3 Bg7 5. Qb3 dxc4 6. Qxc4 O-O 7. e4 Nc6 8.
Be2 Bg4 9. d5 Na5 10. Qb4 Bxf3 11. Bxf3 c6 12. O-O Qb6 13. Qa4 Nd7 14. Qc2 cxd5
15. Nxd5 Qd8 16. Bg5 Nc6 17. Rad1 h6 18. Bh4 g5 19. Bg3 Rc8 20. Qb1 e6 21. Nc3
Nd4 22. Ne2 Nxf3+ 23. gxf3 f5 24. Bd6 Rf7 25. Nd4 Qf6 26. e5 Qg6 27. Rfe1 Nb6
28. Qd3 Rd7 29. Qb3 Nc4 30. Qa4 Qf7 31. Qxa7 Nxd6 32. exd6 Rxd6 33. Nb5 Rxd1
34. Rxd1 Bxb2 35. Nd6 Qd7 36. Qxb7 Qxb7 37. Nxb7 Kg7 38. Rd2 Be5 39. a4 Rc1+
40. Kg2 Ra1 41. Nc5 Bf6 42. Rd7+ Kg6 43. Rd6 1/2-1/2

[Event "Godesberger SK 1 - SF Essen-Katernberg "]
[Site "NRW-Liga - Gruppe 2 2021/2022"]
[Date "2022.01.30"]
[Round "5.2"]
[White "Dahm, Jochen"]
[Black "Villwock, Martin"]
[Result "1/2-1/2"]
[WhiteElo "2199"]
[BlackElo "2109"]
[PlyCount "45"]
[EventDate "2022.??.??"]
[SourceVersionDate "2020.03.16"]
[WhiteTeam "Godesberger SK 1"]
[BlackTeam "SF Essen-Katernberg  2"]

1. e4 c5 2. Nf3 e6 3. d4 cxd4 4. Nxd4 a6 5. Nc3 Qc7 6. g3 Bb4 7. Bd2 Nf6 8. Bg2
Nc6 9. Nb3 b5 10. O-O Be7 11. a3 Bb7 12. f4 d6 13. Qe2 Rc8 14. Rae1 b4 15. axb4
Nxb4 16. e5 Nxc2 17. exf6 Bxg2 18. Qxg2 Nxe1 19. Rxe1 Qb6+ 20. Be3 Qxb3 21.
fxe7 Kxe7 22. f5 Rhe8 23. Bd4 1/2-1/2

[Event "Godesberger SK 1 - SF Essen-Katernberg "]
[Site "NRW-Liga - Gruppe 2 2021/2022"]
[Date "2022.01.30"]
[Round "5.3"]
[White "Melde, Benjamin"]
[Black "Koehler, Christian Friedrich"]
[Result "0-1"]
[WhiteElo "2098"]
[BlackElo "2225"]
[Annotator "daniel"]
[PlyCount "86"]
[EventDate "2022.??.??"]
[SourceVersionDate "2020.03.16"]
[WhiteTeam "SF Essen-Katernberg  2"]
[BlackTeam "Godesberger SK 1"]

1. c4 f5 2. g3 Nf6 3. Bg2 g6 4. b3 Bg7 5. Bb2 d6 6. Nf3 e5 7. d4 e4 8. Ng5 c6
9. Nc3 d5 10. h4 h6 11. Nh3 Be6 12. Nf4 Bf7 13. Rc1 Na6 14. Qd2 O-O 15. cxd5
Nxd5 16. Nfxd5 Bxd5 17. O-O Qf6 18. Nxd5 cxd5 19. Qa5 Rfd8 20. b4 Qb6 21. Qxb6
axb6 22. a3 Rdc8 23. e3 Nc7 24. Rc2 Nb5 25. Rfc1 Nd6 26. Bf1 Bf8 27. Rc7 $11
Rxc7 28. Rxc7 Rc8 29. Rxc8 Nxc8 30. Be2 Nd6 31. Kf1 b5 32. Bc1 Kf7 33. f4 exf3
34. Bxf3 Ke6 35. Kg2 h5 36. Be2 Nc4 37. Kf3 Bh6 38. Kf2 Kd6 39. Bd1 Kc6 40. Bf3
Nd6 41. Ke2 Ne4 42. Bxe4 dxe4 43. Kd2 Bf8 0-1

[Event "Godesberger SK 1 - SF Essen-Katernberg "]
[Site "NRW-Liga - Gruppe 2 2021/2022"]
[Date "2022.01.30"]
[Round "5.4"]
[White "Kutzner, Stephen"]
[Black "Dahm, Bernd"]
[Result "0-1"]
[WhiteElo "2145"]
[BlackElo "2133"]
[PlyCount "58"]
[EventDate "2022.??.??"]
[SourceVersionDate "2020.03.16"]
[WhiteTeam "Godesberger SK 1"]
[BlackTeam "SF Essen-Katernberg  2"]

1. e4 e6 2. d4 d5 3. Nc3 Bb4 4. e5 b6 5. Qg4 Bf8 6. h4 h5 7. Qg3 Qd7 8. Bb5 c6
9. Bd3 Ba6 10. Nh3 Ne7 11. Nf4 c5 12. dxc5 bxc5 13. Qf3 Bxd3 14. cxd3 Nbc6 15.
O-O g6 16. Nh3 Nf5 17. Qf4 Rb8 18. a3 Bg7 19. Re1 Qc7 20. Qa4 O-O 21. g3 Nxe5
22. Bf4 Rxb2 23. Ng5 Nd4 24. Nd1 Rb6 25. Rc1 Qd7 26. Qxd7 Nxd7 27. Kg2 Rb3 28.
Rc3 Rb1 29. Bd2 Nb3 0-1

[Event "Godesberger SK 1 - SF Essen-Katernberg "]
[Site "NRW-Liga - Gruppe 2 2021/2022"]
[Date "2022.01.30"]
[Round "5.5"]
[White "Dette, Jan"]
[Black "Schulte-Geers, Niklas"]
[Result "1/2-1/2"]
[WhiteElo "2076"]
[BlackElo "2142"]
[PlyCount "36"]
[EventDate "2022.??.??"]
[SourceVersionDate "2020.03.16"]
[WhiteTeam "SF Essen-Katernberg  2"]
[BlackTeam "Godesberger SK 1"]

1. e4 c6 2. Nc3 d5 3. Nf3 Bg4 4. h3 Bxf3 5. Qxf3 e6 6. g3 Nf6 7. Bg2 Nbd7 8. d3
Bb4 9. O-O Qa5 10. Ne2 Bd2 11. Nd4 Bxc1 12. Nb3 dxe4 13. Qxf6 Nxf6 14. Nxa5
Bxb2 15. Rab1 b6 16. Rxb2 bxa5 17. Re1 O-O 18. Bxe4 Nxe4 1/2-1/2

[Event "Godesberger SK 1 - SF Essen-Katernberg "]
[Site "NRW-Liga - Gruppe 2 2021/2022"]
[Date "2022.01.30"]
[Round "5.6"]
[White "Stenzel, Thomas"]
[Black "Gorainow, Nikita"]
[Result "1-0"]
[WhiteElo "2070"]
[BlackElo "2021"]
[PlyCount "93"]
[EventDate "2022.??.??"]
[SourceVersionDate "2020.03.16"]
[WhiteTeam "Godesberger SK 1"]
[BlackTeam "SF Essen-Katernberg  2"]

1. e4 c5 2. Nf3 Nc6 3. Bb5 e6 4. O-O Nge7 5. c3 a6 6. Ba4 b5 7. Bc2 Bb7 8. a4
Ng6 9. d4 cxd4 10. Nxd4 b4 11. Qh5 Nxd4 12. cxd4 Qh4 13. Qxh4 Nxh4 14. a5 Rc8
15. Bd3 Be7 16. Be3 O-O 17. Nd2 f5 18. f3 Rc7 19. Nb3 d5 20. Bf4 Rcc8 21. exd5
Bxd5 22. Nc5 Ng6 23. Bd2 Bf6 24. Be3 e5 25. Nd7 Rf7 26. Nb6 exd4 27. Bd2 Ne5
28. Bxf5 Rd8 29. Nxd5 Rxd5 30. Be6 Rb5 31. Rfc1 Kf8 32. Bxf7 Kxf7 33. Rc7+ Kg6
34. f4 Nd3 35. g4 h6 36. Rc6 Kf7 37. Rxa6 Nxb2 38. Rb6 Rd5 39. a6 d3 40. Rxf6+
gxf6 41. a7 Rd8 42. a8=Q Rxa8 43. Rxa8 b3 44. Kf2 Nc4 45. Ke1 Ke6 46. Rb8 b2
47. Bc3 1-0

[Event "Godesberger SK 1 - SF Essen-Katernberg "]
[Site "NRW-Liga - Gruppe 2 2021/2022"]
[Date "2022.01.30"]
[Round "5.7"]
[White "Heldt, Maximilian"]
[Black "Mantau, Jan"]
[Result "1-0"]
[WhiteElo "2036"]
[BlackElo "2184"]
[PlyCount "55"]
[EventDate "2022.??.??"]
[SourceVersionDate "2020.03.16"]
[WhiteTeam "SF Essen-Katernberg  2"]
[BlackTeam "Godesberger SK 1"]

1. e4 c5 2. Nf3 d6 3. d4 cxd4 4. Nxd4 Nf6 5. Nc3 a6 6. f3 e5 7. Nb3 Be6 8. Be3
Be7 9. Be2 Nbd7 10. f4 Rc8 11. O-O b5 12. a4 Bc4 13. axb5 axb5 14. Nxb5 Bxe2
15. Qxe2 Nxe4 16. fxe5 Nxe5 17. Bd4 Nf6 18. Nxd6+ Bxd6 19. Bxe5 O-O 20. Bxf6
gxf6 21. Ra4 Re8 22. Qd3 Be5 23. Qf5 Qc7 24. Rg4+ Kf8 25. c3 Qb6+ 26. Nd4 Qxb2
27. Qxh7 Bxd4+ 28. Rxd4 1-0

[Event "Godesberger SK 1 - SF Essen-Katernberg "]
[Site "NRW-Liga - Gruppe 2 2021/2022"]
[Date "2022.01.30"]
[Round "5.8"]
[White "Biedekoepper, Robert"]
[Black "Kaeding, Rainer"]
[Result "0-1"]
[WhiteElo "1974"]
[BlackElo "2063"]
[PlyCount "86"]
[EventDate "2022.??.??"]
[SourceVersionDate "2020.03.16"]
[WhiteTeam "Godesberger SK 1"]
[BlackTeam "SF Essen-Katernberg  2"]

1. c4 e6 2. d4 d5 3. Nc3 c6 4. Nf3 dxc4 5. a4 Bb4 6. e3 b5 7. Bd2 a5 8. axb5
Bxc3 9. Bxc3 cxb5 10. b3 Bb7 11. bxc4 b4 12. Bb2 Nf6 13. Bd3 Nbd7 14. O-O O-O
15. Nd2 e5 16. Bc2 Qc7 17. d5 Rfc8 18. f4 exf4 19. Rxf4 Bxd5 20. Bxh7+ Kxh7 21.
cxd5 Qc2 22. Bxf6 Nxf6 23. Rd4 Qxd1+ 24. Rxd1 Nd7 25. d6 Rc3 26. e4 b3 27. Nb1
Rc5 28. Na3 Rac8 29. Kf2 Kg6 30. Rb1 Rc3 31. Ra4 R8c5 32. Rd4 Kf6 33. Rb2 Ke5
34. Rdd2 a4 35. h3 Kf4 36. Rb1 f6 37. Rbb2 g5 38. Rd4 Rc2+ 39. Rd2 Rxb2 40.
Rxb2 Ke5 41. Rd2 Kxe4 42. Re2+ Kd5 43. Rd2+ Kc6 0-1

[Event "SF Essen-Katernberg 2 - LSV Turm Lippst"]
[Site "NRW-Liga - Gruppe 2 2021/2022"]
[Date "2022.03.13"]
[Round "7.2"]
[White "Villwock, Martin"]
[Black "Hecht, Carsten"]
[Result "0-1"]
[WhiteElo "2109"]
[BlackElo "2296"]
[PlyCount "80"]
[EventDate "2022.??.??"]
[SourceVersionDate "2020.03.16"]
[WhiteTeam "SF Essen-Katernberg 2"]
[BlackTeam "LSV Turm Lippstadt 1"]

1. e4 c5 2. Nf3 d6 3. d4 cxd4 4. Nxd4 Nf6 5. Nc3 a6 6. Rg1 e5 7. Nb3 h5 8. Bg5
Be6 9. Qd2 Nbd7 10. O-O-O Be7 11. h4 Rc8 12. f3 b5 13. Kb1 O-O 14. Be2 Re8 15.
g4 hxg4 16. Qe3 Nb6 17. Bxf6 Bxf6 18. fxg4 Qc7 19. g5 Be7 20. g6 fxg6 21. Rxg6
Bf7 22. Rxg7+ Kxg7 23. Rg1+ Kh7 24. Bg4 Bf8 25. Qf2 Bg7 26. h5 Rf8 27. Bf5+ Kh8
28. h6 Bf6 29. Bxc8 Bxb3 30. axb3 Nxc8 31. Nd5 Qd8 32. Rg6 Be7 33. Qg2 Rf7 34.
Ne3 Qf8 35. Qg4 Bf6 36. Nf5 Ne7 37. Rg7 Bxg7 38. hxg7+ Rxg7 39. Qh4+ Rh7 40.
Nxe7 Qf1+ 0-1

[Event "SF Essen-Katernberg 2 - LSV Turm Lippst"]
[Site "NRW-Liga - Gruppe 2 2021/2022"]
[Date "2022.03.13"]
[Round "7.3"]
[White "Wagner, Alexej"]
[Black "Melde, Benjamin"]
[Result "1/2-1/2"]
[WhiteElo "2261"]
[BlackElo "2098"]
[PlyCount "90"]
[EventDate "2022.??.??"]
[SourceVersionDate "2020.03.16"]
[WhiteTeam "LSV Turm Lippstadt 1"]
[BlackTeam "SF Essen-Katernberg 2"]

1. d4 Nf6 2. c4 g6 3. Nc3 Bg7 4. e4 O-O 5. Nf3 d6 6. Be2 e5 7. O-O Nc6 8. d5
Ne7 9. Ne1 Nd7 10. Nd3 f5 11. f3 f4 12. b4 g5 13. c5 Nf6 14. a4 Rf7 15. a5 h5
16. Nf2 Ng6 17. c6 b6 18. Ra3 Bf8 19. Bd2 Rg7 20. h3 Nh8 21. Nb5 Ne8 22. Qa1
Qe7 23. Rc1 a6 24. axb6 cxb6 25. Rc2 Nf7 26. c7 Nh6 27. Rc6 g4 28. fxg4 hxg4
29. Nxg4 Nxg4 30. hxg4 Qg5 31. Qd1 Nf6 32. Nxd6 Bxd6 33. Rxd6 Rxc7 34. Rd8+ Kg7
35. d6 Rd7 36. Rxd7+ Bxd7 37. Rxa6 Rxa6 38. Bxa6 Nxe4 39. Qc2 Nxd6 40. Qc7 Qe7
41. Qxb6 Ne4 42. Be1 Bxg4 43. Bb7 Qd6 44. Qxd6 Nxd6 45. Bc6 Be2 1/2-1/2

[Event "SF Essen-Katernberg 2 - LSV Turm Lippst"]
[Site "NRW-Liga - Gruppe 2 2021/2022"]
[Date "2022.03.13"]
[Round "7.4"]
[White "Dahm, Bernd"]
[Black "Grobbel, Rainer"]
[Result "0-1"]
[WhiteElo "2133"]
[BlackElo "2121"]
[PlyCount "117"]
[EventDate "2022.??.??"]
[SourceVersionDate "2020.03.16"]
[WhiteTeam "SF Essen-Katernberg 2"]
[BlackTeam "LSV Turm Lippstadt 1"]

1. d4 Nf6 2. c4 e5 3. dxe5 Ng4 4. Bf4 g5 5. Bg3 Bg7 6. Nf3 Nc6 7. h4 Ngxe5 8.
Nxe5 Nxe5 9. Nc3 g4 10. h5 h6 11. Bh4 Bf6 12. Bxf6 Qxf6 13. Nd5 Qd8 14. Qd4 d6
15. O-O-O c5 16. Qc3 Be6 17. f4 gxf3 18. exf3 Bxd5 19. Rxd5 Qg5+ 20. Qd2 Qxd2+
21. Rxd2 O-O-O 22. Bd3 Rhg8 23. Bf5+ Kc7 24. b3 Nc6 25. Re1 {(=)} Rde8 26. Rde2
Rxe2 27. Rxe2 Kd8 28. Be4 Nd4 29. Rf2 b6 30. Bd5 Ke7 31. g4 Rg5 32. Rf1 f5 33.
Kb2 Kf6 34. a3 Rg7 35. b4 Re7 36. gxf5 Nxf5 37. Rg1 Rg7 38. Re1 Nd4 39. Re8
Rg2+ 40. Kb1 Rg1+ 41. Kb2 Rg2+ 42. Kb1 Re2 43. Rg8 Re3 44. Ka2 cxb4 45. axb4
Nc2 46. Rg6+ Ke5 47. Re6+ Kd4 48. Be4 Nxb4+ 49. Kb2 Kxc4 50. Rxd6 Re2+ 51. Kc1
Na2+ 52. Kd1 Nc3+ 53. Kc1 Nxe4 54. fxe4 Rxe4 55. Rxh6 Rh4 56. Kb2 Kc5 57. Rh7
a5 58. h6 Kb4 59. Rf7 0-1

[Event "SF Essen-Katernberg 2 - LSV Turm Lippst"]
[Site "NRW-Liga - Gruppe 2 2021/2022"]
[Date "2022.03.13"]
[Round "7.5"]
[White "Tran, Duc Cuong"]
[Black "Irkilmez, Yakub"]
[Result "1/2-1/2"]
[WhiteElo "2071"]
[BlackElo "2048"]
[PlyCount "30"]
[EventDate "2022.??.??"]
[SourceVersionDate "2020.03.16"]
[WhiteTeam "LSV Turm Lippstadt 1"]
[BlackTeam "SF Essen-Katernberg 2"]

1. d4 Nf6 2. c4 c5 3. d5 b5 4. cxb5 a6 5. bxa6 g6 6. Nc3 Bxa6 7. g3 Bg7 8. Bg2
d6 9. Nf3 O-O 10. O-O Nbd7 11. h3 Nb6 12. Bf4 Nc4 13. b3 Nh5 14. Rc1 Nxf4 15.
gxf4 Qa5 1/2-1/2

[Event "SF Essen-Katernberg 2 - LSV Turm Lippst"]
[Site "NRW-Liga - Gruppe 2 2021/2022"]
[Date "2022.03.13"]
[Round "7.6"]
[White "Dette, Jan"]
[Black "Kühler, Andreas"]
[Result "1-0"]
[WhiteElo "2076"]
[BlackElo "1922"]
[PlyCount "111"]
[EventDate "2022.??.??"]
[SourceVersionDate "2020.03.16"]
[WhiteTeam "SF Essen-Katernberg 2"]
[BlackTeam "LSV Turm Lippstadt 1"]

1. e4 e5 2. Nf3 Nc6 3. Bb5 Bc5 4. c3 f5 5. d4 fxe4 6. Bxc6 dxc6 7. Nxe5 Bd6 8.
Qh5+ g6 9. Qe2 Nf6 10. Bg5 Be7 11. Nd2 Qd6 12. Bxf6 Qxf6 13. Nxe4 Qf5 14. Qf3
O-O 15. O-O Bd6 16. Qxf5 Bxf5 17. Rae1 Rad8 18. f4 Kg7 19. b4 a5 20. a3 axb4
21. axb4 Ra8 22. g4 Bxe5 23. gxf5 Bd6 24. f6+ Kg8 25. f5 Ra2 26. fxg6 Bxh2+ 27.
Kh1 hxg6 28. Ng5 Bd6 29. f7+ Kh8 30. Ne6 Rfa8 31. f8=Q+ Bxf8 32. Rxf8+ Rxf8 33.
Nxf8 Rc2 34. Re3 Kg7 35. Ne6+ Kf6 36. Nf4 Kf5 37. Ne2 g5 38. Kg2 g4 39. Re5+
Kf6 40. Kg3 Rb2 41. Kxg4 Rb1 42. Ng3 Rc1 43. Ne4+ Kf7 44. Kf3 Rh1 45. Ke2 Rh6
46. Kd3 b6 47. Ng5+ Kf6 48. Ne6 Rh3+ 49. Kc2 Rh7 50. Nd8 c5 51. bxc5 bxc5 52.
Rxc5 Rh2+ 53. Kb3 Ke7 54. Nc6+ Kd6 55. Ne5 Rh1 56. Kc4 1-0

[Event "SF Essen-Katernberg 2 - LSV Turm Lippst"]
[Site "NRW-Liga - Gruppe 2 2021/2022"]
[Date "2022.03.13"]
[Round "7.7"]
[White "Besou, Hussain"]
[Black "Gorainow, Nikita"]
[Result "1/2-1/2"]
[WhiteElo "2066"]
[BlackElo "2021"]
[PlyCount "69"]
[EventDate "2022.??.??"]
[SourceVersionDate "2020.03.16"]
[WhiteTeam "LSV Turm Lippstadt 1"]
[BlackTeam "SF Essen-Katernberg 2"]

1. Nf3 Nf6 2. g3 g6 3. Bg2 Bg7 4. O-O O-O 5. d4 d5 6. c4 dxc4 7. Nc3 c6 8. a4
Bf5 9. Ne5 Ng4 10. f4 Qb6 11. e4 Nxe5 12. fxe5 Be6 13. a5 Qc7 14. Bf4 Rd8 15.
d5 cxd5 16. exd5 Bf5 17. Qe1 e6 18. Kh1 Na6 19. d6 Qd7 20. Ne4 Rac8 21. Nf6+
Bxf6 22. exf6 Nc5 23. g4 Bxg4 24. Qh4 h5 25. h3 Bf5 26. Qg5 Qe8 27. Rad1 Nd3
28. Bg3 Rc5 29. Qd2 b5 30. axb6 axb6 31. Ra1 Ra5 32. Rxa5 bxa5 33. Qxa5 e5 34.
Qb6 Qf8 35. Qc7 1/2-1/2

[Event "SF Essen-Katernberg 2 - LSV Turm Lippst"]
[Site "NRW-Liga - Gruppe 2 2021/2022"]
[Date "2022.03.13"]
[Round "7.8"]
[White "Heldt, Maximilian"]
[Black "Laurenz, Waldemar"]
[Result "1/2-1/2"]
[WhiteElo "2036"]
[BlackElo "1931"]
[PlyCount "87"]
[EventDate "2022.??.??"]
[SourceVersionDate "2020.03.16"]
[WhiteTeam "SF Essen-Katernberg 2"]
[BlackTeam "LSV Turm Lippstadt 1"]

1. e4 c5 2. Nf3 a6 3. d4 cxd4 4. Nxd4 Nf6 5. Bd3 Nc6 6. Nxc6 bxc6 7. O-O g6 8.
c4 d6 9. c5 Bg7 10. cxd6 exd6 11. Qc2 Bb7 12. Rd1 O-O 13. Bf4 Qe7 14. Nd2 Rfd8
15. Re1 Nd7 16. Nc4 Ne5 17. Rad1 Nxc4 18. Bxc4 Be5 19. Bxe5 dxe5 20. Qb3 Rd4
21. Re3 Kg7 22. Rf3 f6 23. Rfd3 Rad8 24. h3 c5 25. f3 Qc7 26. Rc1 R8d6 27. Rdc3
Rb6 28. Qa3 Qd6 29. Bf1 Rd2 30. Qxc5 Qxc5+ 31. Rxc5 Rbxb2 32. Rc7+ Kh6 33. h4
g5 34. hxg5+ Kxg5 35. g3 Bxe4 36. fxe4 Kg4 37. R1c3 Rxa2 38. Rg7+ Kh5 39. Rxh7+
Kg6 40. Rcc7 f5 41. Rcg7+ Kf6 42. Rf7+ Ke6 43. Bc4+ Kd6 44. Bxa2 1/2-1/2